| 000 | 00719pam a2200229 a 4500 | ||
|---|---|---|---|
| 001 | 1494261 | ||
| 005 | 20180315044902.0 | ||
| 008 | 881031s1990 nyuaf b 001 0 eng | ||
| 010 | _a 88033274 | ||
| 020 | _a0393955532 | ||
| 040 |
_aDLC _cDLC _dDLC |
||
| 041 | _aeng | ||
| 080 | _a791.4309 COO | ||
| 082 | 0 | 0 |
_a791.4309 COO _219 |
| 100 | 1 | _a45 | |
| 101 | _aMUZ | ||
| 245 | 1 | 2 |
_aA history of narrative film / _cDavid A. Cook. |
| 504 | _aIncludes bibliographical references (p. 925-946) and index. | ||
| 906 |
_a7 _bcbc _corignew _d1 _eocip _f19 _gy-gencatlg |
||
| 942 |
_2ddc _cBK |
||
| 999 |
_c45076 _d45076 |
||